Pengucapan awam yang berkesan

Bibliographic Details
Main Author: MAIMUNAH Osman
Corporate Author: Institut Tadbiran Awam Negara (INTAN)
Format: Book
Published: Kuala Lumpur : Institut Tadbiran Awam Negara , 2000
Series:Siri pengurusan INTAN
Subjects:

MARC

LEADER 00000cam a2200000 7i4500
001 0000001181
005 20140118.0
020 0 0 |a 9679933644 
090 0 0 |a 808.51   |b MAI 2000 
100 0 0 |a MAIMUNAH Osman 
245 1 0 |a Pengucapan awam yang berkesan   |c Maimunah Osman 
260 0 0 |a Kuala Lumpur :   |b Institut Tadbiran Awam Negara ,   |c 2000 
300 |a x, 104 p. :   |b ill. ;   |c 21 cm. 
440 0 0 |a Siri pengurusan INTAN 
500 0 0 |a Bibliography : [p. 103-104] 
650 0 0 |a Public speaking 
710 1 1 |a Institut Tadbiran Awam Negara (INTAN) 
998 |a JPSM 
999 |a 0000002061   |b Monograph   |c Open Shelf   |e Default branch 
999 |a 0000002062   |b Monograph   |c Open Shelf   |e Default branch